| 000 | 00788nam0a22002411 4500 | ||
|---|---|---|---|
| 001 | rc\686885 | ||
| 005 | 20250621212205.0 | ||
| 035 | _a(NLR Aleph) 005923811 | ||
| 090 |
_a6505444 _c6505444 |
||
| 100 | _a20031121d1985 |||y0rusy50 ca | ||
| 101 | 0 | _arus | |
| 102 | _aRU | ||
| 105 | _ay ||||||||| | ||
| 200 | 1 |
_aОсоковая низина _eРоман _fХарий Гулбис _gПеревод с латыш. Д. Глезера |
|
| 210 |
_aМ. _cСов. писатель _d1985 |
||
| 215 |
_a424 с. _d20 |
||
| 300 | _aВ вып. дан. авт.: Харий Августович Гулбис | ||
| 700 | 1 |
_aГулбис _bХ.А. _f1926- _gХарий Августович |
|
| 801 | 0 |
_aRU _bNLR _gpsbo |
|
| 801 | 1 |
_aRU _bELAR _2rusmarc |
|
| 852 |
_aNLR _j85-3/12667 |
||
| 942 | _cBOOK | ||
| 980 | _aNB | ||